Cultivando valores : (Record no. 22357)

000 -CABECERA
fixed length control field 01353nam a22002537a 4500
003 - IDENTIFICADOR DEL NÚMERO DE CONTROL
control field AR-CdUCM
008 - DATOS DE LONGITUD FIJA--INFORMACIÓN GENERAL
fixed length control field 190429b ||||| |||| 00| 0 spa d
040 ## - FUENTE DE LA CATALOGACIÓN
Agencia/entidad que catalogó originalmente la obra MUNICIPALIDAD PROVINCIAL DEL CUSCO
Entidad que transcribió la catalogación BIBLIOTECA MUNICIPAL DEL CUSCO
082 ## - NÚMERO DE LA CLASIFICACIÓN DECIMAL DEWEY
No. de Clasificación Cultivando/N°2/2011
245 ## - MENCIÓN DE TÍTULO
Título Cultivando valores :
Resto del título Revista Magisterial /
Mención de responsabilidad Asociación Provincial de Profesores de Educación primaria del Cusco
260 ## - PUBLICACIÓN, DISTRIBUCIÓN, ETC.
Lugar de publicación, distribución, etc. Cusco.
Nombre de la editorial, distribuidor, etc. Casa del Maestro,
Fecha de publicación, distribución, etc. 2011.
300 ## - DESCRIPCIÓN FÍSICA
Nº de Páginas Extensión 104 páginas. :
Otros detalles físicos ilustraciones ;
Dimensiones 29 cm.
440 ## - MENCIÓN DE SERIE/PUNTO DE ACCESO ADICIONAL--TÍTULO
Título Cultivando valores.
Número de la parte/sección de una obra Año II, N°02, 2011-2012
9 (RLIN) 47926
505 ## - NOTA DE CONTENIDO CON FORMATO
Nota de contenido formateada Contenido: Fundadores Asociación Provincial de Profesores de Educación Primaria del Cusco. -- Casa del Maestro patrimonio institucional. -- Pasado presente del Cusco legendario. -- Origen del nombre de las calles del Cusco colonial. -- Homenaje a Clorinda Matto de Turner. -- Asentamiento de los Killki. -- Nuevo tipo de contaminación ambiental en Cusco. ...
650 ## - PUNTO DE ACCESO ADICIONAL DE MATERIA--TÉRMINO DE MATERIA
Descriptor Historia institucional
9 (RLIN) 47480
650 ## - PUNTO DE ACCESO ADICIONAL DE MATERIA--TÉRMINO DE MATERIA
Descriptor Clorinda Matto deTurner
9 (RLIN) 47481
650 ## - PUNTO DE ACCESO ADICIONAL DE MATERIA--TÉRMINO DE MATERIA
Descriptor Historia urbana
9 (RLIN) 13611
700 ## - PUNTO DE ACCESO ADICIONAL--NOMBRE DE PERSONA
Nombre Personal Barreda Murillo, Luis
9 (RLIN) 31369
700 ## - PUNTO DE ACCESO ADICIONAL--NOMBRE DE PERSONA
Nombre Personal Carreño, Ángel
9 (RLIN) 27901
710 ## - PUNTO DE ACCESO ADICIONAL--NOMBRE DE ENTIDAD CORPORATIVA
Nombre corporativo (En letras Mayúsculas) Asociación Provincial de Profesores de Educación Primaria del Cusco
9 (RLIN) 47927
942 ## - ELEMENTOS DE PUNTO DE ACCESO ADICIONAL (KOHA)
Fuente de clasificación
Tipo de item Revistas cusqueñas
945 ## - PROCESAMIENTO DE INFORMACIÓN LOCAL (OCLC)
Catalogador rac
Holdings
Estado de retiro (separado) Fuente de clasificación o esquema de estanterías Estado dañado Ubicación Sala donde se ubica Nombre de la colección Fecha de adquisición o compra Costo, precio normal en soles Signatura topográfica Código de Barras Última vez visto (Koha) Tipo de ítem (Koha)
No     Sala Hemeroteca Sala Hemeroteca Book Cart 2022-04-21 5.00 Cultivando/N°2/2011 REVC000633 2022-04-21 Revistas cusqueñas

Powered by Koha